LEADER 00982nam0-2200301 --450 001 9910633900703321 005 20221220144129.0 010 $a978-88-7565-465-8 020 $aIT$b2020-5978 100 $a20221220d2020----kmuy0itay5050 ba 101 0 $aita$cita 102 $aIT 105 $aa 001yy 200 1 $a<>Desert Air Force nella campagna d'Italia$egennaio-aprile 1944$fAgostino Alberti, Stefano Daniele Merli 210 $aRoma$cIBN$d2020 215 $a156 p.$cill.$d23 cm 225 1 $aAviolibri. Dossier$v46 610 0 $aGuerra mondiale 1939-1945$aBombardamenti aerei$aItalia$a1944 676 $a940.544941$v23$zita 700 1$aAlberti,$bAgostino$f<1969- >$01269104 701 1$aMerli,$bStefano Daniele$01269892 801 0$aIT$bUNINA$gREICAT$2UNIMARC 901 $aBK 912 $a9910633900703321 952 $aXIV B 2498 (46)$b1725/2022$fFSPBC 959 $aFSPBC 996 $aDesert Air Force nella campagna d'Italia$92990148 997 $aUNINA LEADER 00972nam a22002531i 4500 001 991003853679707536 005 20040625143421.0 008 040802s1981 fr |||||||||||||||||fre 035 $ab13137803-39ule_inst 035 $aARCHE-109041$9ExL 040 $aBiblioteca Interfacoltà$bita$cA.t.i. Arché s.c.r.l. Pandora Sicilia s.r.l. 082 04$a398.2094 100 1 $aSimonsen, Michèle$0490339 245 13$aLe conte populaire français /$cMichèle Simonsen 260 $aParis :$bPresses universitaires de France,$cc1981 300 $a127 p. ;$c18 cm 440 0$aQue sais-je? ;$v1906 650 4$aNovelle e racconti popolari francesi 907 $a.b13137803$b02-04-14$c05-08-04 912 $a991003853679707536 945 $aLE002 Fondo Giudici P 72$g1$iLE002G-13172$lle002$nC. 1$o-$pE0.00$q-$rn$so $t0$u0$v0$w0$x0$y.i13774669$z05-08-04 996 $aConte populaire français$9309287 997 $aUNISALENTO 998 $ale002$b05-08-04$cm$da $e-$ffre$gfr $h3$i1